header

Grid converters for photovoltaic and wind power systems (Record no. 133286)

MARC details
000 -LEADER
fixed length control field 02123nam a2200373 a 4500
082 04 - DEWEY DECIMAL CLASSIFICATION NUMBER
Classification number 621.31/244
100 1# - MAIN ENTRY--AUTHOR NAME
Personal name Teodorescu, Remus.
245 10 - TITLE STATEMENT
Title Grid converters for photovoltaic and wind power systems
260 ## - PUBLICATION, DISTRIBUTION, ETC. (IMPRINT)
Place of publication Chichester, U.K. ;
-- Hoboken, N.J. :
Name of publisher Wiley,
Year of publication 2011.
300 ## - PHYSICAL DESCRIPTION
Number of Pages xvi, 398 p. :
Other physical details ill.
520 ## - SUMMARY, ETC.
Summary, etc "Grid Converters for Photovoltaic and Wind Power Systems provides a comprehensive description of the control of grid converters for photovoltaic and wind power systems. The authors present a range of control methods for meeting the latest application, power quality and power conversion requirements and standards, as well as looking towards potential future control functions. Practical examples, exercises, and an accompanying website with simulation models using Matlab and Simulink environments, and PSIM software make this text a pragmatic resource for electrical engineers as well as students taking related courses"--
650 #0 - SUBJECT ADDED ENTRY--TOPICAL TERM
Topical Term Electric current converters.
Topical Term Photovoltaic power systems
Topical Term Wind energy conversion systems
700 1# - ADDED ENTRY--PERSONAL NAME
Personal name Liserre, Marco.
Personal name Rodriguez, Pedro.
856 40 - ELECTRONIC LOCATION AND ACCESS
Uniform Resource Identifier http://site.ebrary.com/lib/rucke/Doc?id=10438380
520 ## - SUMMARY, ETC.
-- Provided by publisher.

No items available.

© 2026 Rongo University
Contact us: librarian | system librarian | Rongo university